Der Donauraum (Record no. 5604)

MARC details
000 -LEADER
fixed length control field 00778nas a22002057i 4500
001 - CONTROL NUMBER
control field 5888
003 - CONTROL NUMBER IDENTIFIER
control field OSt
005 - DATE AND TIME OF LATEST TRANSACTION
control field 20170126082350.0
007 - PHYSICAL DESCRIPTION FIXED FIELD--GENERAL INFORMATION
fixed length control field tu
008 - FIXED-LENGTH DATA ELEMENTS--GENERAL INFORMATION
fixed length control field 161220s xxu||||| |||| 00| 0 d
022 ## - INTERNATIONAL STANDARD SERIAL NUMBER
International Standard Serial Number 0012-5415
024 7# - OTHER STANDARD IDENTIFIER
Standard number or code 5888
Source of number or code RID
024 7# - OTHER STANDARD IDENTIFIER
Standard number or code 5888
Source of number or code RSN (alt)
040 ## - CATALOGING SOURCE
Transcribing agency OSt
110 2# - MAIN ENTRY--CORPORATE NAME
Corporate name or jurisdiction name as entry element Institut für den Donauraum und Mitteleuropa
245 00 - TITLE STATEMENT
Title Der Donauraum
Remainder of title Zeitschrift des Institutes für den Donauraum und Mitteleuropa
260 ## - PUBLICATION, DISTRIBUTION, ETC.
Place of publication, distribution, etc. Wien :
Name of publisher, distributor, etc. Böhlau.
866 #0 - TEXTUAL HOLDINGS--BASIC BIBLIOGRAPHIC UNIT
-- 1993 ff. - 2008/4
866 #0 - TEXTUAL HOLDINGS--BASIC BIBLIOGRAPHIC UNIT
-- Bestände unvollständig<br><br>letztes Heft: 2004 44/1-2<br><br>vorhanden:<br>1993 33/1<br>1995 35/1, 3-4<br>1996 36/1 - 1999 39/4<br>2000 40/3 - 2002 42/4<br>2003 43/1-4<br>200444/1-<br><br><br>fehlende Bestände:<br>1993 33/2-4<br>1995 34/2<br>2000 40/1-2, 4
942 ## - ADDED ENTRY ELEMENTS (KOHA)
Koha item type Journal
Holdings
Withdrawn status Lost status Damaged status Not for loan Home library Current library Shelving location Date acquired Inventory number Total Checkouts Barcode Date last seen Price effective from Koha item type
        WIIW WIIW Library 08/04/2004 5888   10001297 01/26/2017 01/26/2017 Journal
The Vienna Instiute for International Economic Studies (wiiw)